[Event "ISR-ch U08/18"]
[Site "Savyon"]
[Date "2022.04.08"]
[Round "2"]
[White "Gadasi, Noam"]
[Black "Orian, Noga"]
[Result "1-0"]
[WhiteElo "1927"]
[BlackElo "1868"]
[PlyCount "95"]
[EventDate "2022.04.06"]
[EventType "swiss"]
[EventRounds "9"]
[EventCountry "ISR"]
[SourceTitle "EXT 2023"]
[Source "ChessBase"]
[SourceDate "2022.10.05"]
[SourceVersion "1"]
[SourceVersionDate "2022.10.05"]
[SourceQuality "1"]

1. e4 c5 2. Nf3 d6 3. c3 Nf6 4. h3 Nc6 5. Bd3 d5 6. exd5 Qxd5 7. Qe2 Bf5 8. Bxf5 Qxf5 9. d4 cxd4 10. Nxd4 Nxd4 11. cxd4 e6 12. 0-0 Bd6 13. Nd2 Rc8 14. Nc4 Bb8 15. Ne5 a6 16. Qd3 Qxd3 17. Nxd3 Ba7 18. Be3 Nd5 19. Rac1 Ke7 20. Rfd1 f6 21. Nf4 Nxf4 22. Bxf4 Rxc1 23. Rxc1 Rd8 24. Be3 Rd7 25. Rc4 Kd6 26. a4 b5 27. axb5 axb5 28. Rb4 Kc6 29. Kf1 f5 30. f4 Rd5 31. Ke2 Bb6 32. Kd3 g5 33. fxg5 Bc5 34. Rb3 e5 35. Ke2 exd4 36. Bf4 Bd6 37. Rf3 d3+ 38. Kd1 Bf8 39. Bd2 Bd6 40. Bc3 Kc5 41. Kd2 Kc4 42. h4 f4 43. b3+ Kxb3 44. Rxd3 Rxd3+ 45. Kxd3 Ka3 46. h5 b4 47. g6 hxg6 48. hxg6 1-0

[Event "ISR-ch (Women)"]
[Site "Jerusalem"]
[Date "2021.03.12"]
[Round "6"]
[White "Reprun, Nadejda"]
[Black "Gadasi, Noam"]
[Result "1/2-1/2"]
[WhiteElo "1968"]
[BlackElo "1781"]
[PlyCount "110"]
[EventDate "2021.03.07"]
[EventType "swiss"]
[EventRounds "9"]
[EventCountry "ISR"]
[SourceTitle "CBM 201 Extra"]
[Source "ChessBase"]
[SourceDate "2021.05.31"]
[SourceVersion "1"]
[SourceVersionDate "2021.05.31"]
[SourceQuality "1"]

1. e4 c5 2. Nf3 d6 3. d4 cxd4 4. Nxd4 Nf6 5. Nc3 g6 6. Be3 Bg7 7. f3 0-0 8. Qd2 Nc6 9. Bc4 Bd7 10. h4 Ne5 11. Bb3 Qa5 12. 0-0-0 Rfc8 13. Bg5 b5 14. Bxf6 Bxf6 15. Nd5 Qxd2+ 16. Rxd2 Kg7 17. Nxf6 Kxf6 18. f4 Nc4 19. Bxc4 Rxc4 20. e5+ dxe5 21. fxe5+ Kg7 22. e6 fxe6 23. Re1 Rf8 24. b3 Rcc8 25. Nxe6+ Bxe6 26. Rxe6 Rc7 27. Rde2 Rf1+ 28. Kb2 Kf7 29. R6e5 a6 30. h5 Rf5 31. hxg6+ hxg6 32. R5e4 Rf6 33. a4 bxa4 34. Rxa4 Rcc6 35. Rae4 e6 36. c4 Rb6 37. Kc3 Rc6 38. b4 Rf5 39. c5 Rf1 40. R4e3 Rf5 41. Kc4 Rf4+ 42. Re4 Rf5 43. R2e3 Ke7 44. Rg3 g5 45. Reg4 Kf6 46. Rf3 Rc8 47. Rd4 Rxf3 48. gxf3 Ke5 49. Re4+ Kf5 50. b5 axb5+ 51. Kxb5 e5 52. c6 Ke6 53. Kc5 Rf8 54. c7 Kd7 55. Rxe5 Rxf3 1/2-1/2

[Event "EU-ch U12 Girls"]
[Site "Bratislava"]
[Date "2019.08.09"]
[Round "8"]
[White "Gadasi, Noam"]
[Black "Van Foreest, Machteld"]
[Result "0-1"]
[WhiteElo "1534"]
[BlackElo "2186"]
[PlyCount "142"]
[EventDate "2019.08.02"]
[EventType "swiss"]
[EventRounds "9"]
[EventCountry "SVK"]
[SourceTitle "EXT 2020"]
[Source "ChessBase"]
[SourceDate "2019.10.17"]
[SourceVersion "1"]
[SourceVersionDate "2019.10.17"]
[SourceQuality "1"]

1. d4 Nf6 2. c4 e6 3. Nf3 b6 4. g3 Bb7 5. Bg2 Be7 6. 0-0 0-0 7. Re1 Na6 8. Nc3 Ne4 9. Bf4 Bf6 10. Qc2 d5 11. cxd5 exd5 12. Be5 Nb4 13. Qb3 Nxc3 14. Qxc3 Nc6 15. Rac1 Be7 16. a3 Nxe5 17. Nxe5 c5 18. Red1 c4 19. Nxc4 Rc8 20. Qd2 Bf6 21. Ne3 Qd7 22. Qd3 Bc6 23. Qf5 Qxf5 24. Nxf5 Ba4 25. Rf1 g6 26. Ne3 Bxd4 27. Nxd5 Rxc1 28. Rxc1 Bxb2 29. Rc7 Bxa3 30. Rxa7 b5 31. Nc3 Bc5 32. Ra6 Bb3 33. Rc6 Bb4 34. Nxb5 Ba4 35. Rb6 Rd8 36. Nc7 Ba5 37. Ra6 Rd1+ 38. Bf1 Bd7 39. Ra8+ Kg7 40. Ne8+ Kh6 41. g4 Bc3 42. f3 Be5 43. h3 f6 44. h4 Bb5 45. Kg2 g5 46. h5 Rd7 47. Ra5 Rb7 48. f4 gxf4 49. g5+ Kxg5 50. Nd6 Bxd6 51. e4 fxe3 52. Rxb5+ Rxb5 53. Bxb5 Kxh5 54. Bd3 Bc5 55. Kf3 Kh6 56. Kg4 Kg7 57. Be2 h6 58. Bd3 Kf7 59. Kh5 f5 60. Kxh6 Be7 61. Bc4+ Kf6 62. Kh5 Ke5 63. Be2 Ke4 64. Ba6 Bd8 65. Be2 Be7 66. Ba6 Kf3 67. Kg6 f4 68. Kf5 Bd6 69. Bb5 e2 70. Bxe2+ Kxe2 71. Kg4 f3 0-1

[Event "EU-ch U12 Girls 28th"]
[Site "Riga"]
[Date "2018.08.22"]
[Round "3"]
[White "Sergejeva, Sofija"]
[Black "Gadasi, Noam"]
[Result "0-1"]
[WhiteElo "1287"]
[BlackElo "1540"]
[PlyCount "108"]
[EventDate "2018.08.20"]
[EventType "swiss"]
[EventRounds "9"]
[EventCountry "LAT"]
[SourceTitle "CBM 186 Extra"]
[Source "ChessBase"]
[SourceDate "2018.08.24"]
[SourceVersion "1"]
[SourceVersionDate "2018.08.24"]
[SourceQuality "1"]

1. e4 c5 2. c3 e6 3. d4 d5 4. exd5 exd5 5. Nf3 Nf6 6. Bg5 Be6 7. Be2 Nc6 8. 0-0 Be7 9. dxc5 Bxc5 10. Nbd2 0-0 11. Nb3 Be7 12. Nfd4 Ne4 13. Bxe7 Qxe7 14. Bd3 Nf6 15. Re1 Qd6 16. Qf3 a6 17. Bf5 Bxf5 18. Nxf5 Qc7 19. Re2 Rfe8 20. Rae1 Rxe2 21. Rxe2 b5 22. Nbd4 Nxd4 23. Nxd4 Qd7 24. Nf5 Re8 25. Rxe8+ Qxe8 26. Ne3 Qe4 27. Qxe4 dxe4 28. Nc2 Nd5 29. g3 f5 30. Kf1 Kf7 31. Ke2 Kf6 32. Nb4 Nxb4 33. cxb4 Ke5 34. Ke3 g5 35. f4+ exf3 36. Kxf3 Kd4 37. h4 h6 38. h5 Kd3 39. b3 Kd4 40. a4 Kd3 41. Kf2 g4 42. Kf1 Ke3 43. Kg2 Ke2 44. Kh2 Kf3 45. a5 Kf2 46. Kh1 Kxg3 47. Kg1 f4 48. Kh1 f3 49. Kg1 Kf4 50. Kf1 g3 51. Kg1 Ke3 52. Kf1 g2+ 53. Kg1 Ke2 54. Kh2 f2 0-1

[Event "EU School-ch U09 Girls"]
[Site "Kallithea"]
[Date "2016.06.19"]
[Round "3"]
[White "Gadasi, Noam"]
[Black "Chicarosie, Ioana Bianca"]
[Result "1-0"]
[WhiteElo "1346"]
[BlackElo "1326"]
[PlyCount "87"]
[EventDate "2016.06.17"]
[EventType "swiss"]
[EventRounds "9"]
[EventCountry "GRE"]
[SourceTitle "EXT 2017"]
[Source "ChessBase"]
[SourceDate "2016.10.25"]
[SourceVersion "1"]
[SourceVersionDate "2016.10.25"]
[SourceQuality "1"]

1. c4 e6 2. Nc3 Nf6 3. d4 Bb4 4. a3 Bxc3+ 5. bxc3 c5 6. e3 0-0 7. Bd3 d6 8. Ne2 b6 9. e4 Nc6 10. 0-0 Ba6 11. f4 Na5 12. e5 dxe5 13. fxe5 Nd7 14. Ng3 Bxc4 15. Bxc4 Nxc4 16. Qh5 cxd4 17. cxd4 Nb8 18. Rf4 f6 19. Rh4 h6 20. Qg6 fxe5 21. Qxe6+ Kh7 22. Qxc4 Qxh4 23. Qd3+ e4 24. Qc3 Qf6 25. Qe3 Re8 26. Bb2 Qe6 27. Re1 Qd5 28. Nxe4 Nc6 29. Qd3 Qf5 30. Nf6+ Kg6 31. Qxf5+ Kxf5 32. Nxe8 g5 33. Nd6+ Kg6 34. Re6+ Kg7 35. d5+ Kh7 36. dxc6 Rd8 37. c7 Rf8 38. Re7+ Kg6 39. Re8 Rxe8 40. Nxe8 Kf7 41. c8Q Kg6 42. Qe6+ Kh5 43. Ng7+ Kh4 44. g3# 1-0